000 00418nab a2200145Ia 4500
003 ES-SlBCS
005 20210601131727.0
008 140529s1953 xxu||||| |||| 00| 0 fre d
041 _afre
100 1 _aDesfaudés, Georges
_9188343
245 0 0 _aPropos d'un technocrate
_c Georges Desfaudés
650 0 4 _aTecnócratas
_9188344
773 0 _tVie Intelectuelle (La)
_gnº. 12, 1953, págs. 98-101
_wRev907
942 _cAR
999 _c567720
_d567720